000 00455nam a2200181Ia 4500
001 8442
005 20260306160609.0
008 260306t2001||||xx |||||||||||||| ||spa||
041 _aESP
082 _a371.01
_bA53
100 _aAmes, Patricia
_eAUT
245 0 _a¿Libros para todos? Maestros y textos escolares en el Perú rural
260 _c2001
300 _a85 páginas :
_c20 cm.
650 _aGEN
654 _aCED
942 _cLIB
_dJUS
_fJUS
_2ddc
_n
999 _c8442
_d8442